Cinta Tanpa Syarat

Bibliographic Details
Main Author: DR. HAJAH SA'ADIAH SHUIB (Author)
Other Authors: Prof. Madya Dr. Kamariah Binti Kamarudin (Editor)
Format: Book
Language:Malay
Published: Rawang, Selangor : Dr. Hajah Saadiah Shuib RESOURCES 2023
Subjects:

MARC

LEADER 00000cam a2200000 7i4500
001 0000152989
005 20240730.0
008 240725s2023 my o x f may
020 |a 9789672621867 
040 |a PERPUSTAM   |b eng   |c PERPUSTAM   |e rda 
041 |a may 
090 0 0 |a 808.882   |b SAA 
100 0 |a DR. HAJAH SA'ADIAH SHUIB ,   |e author 
245 1 0 |a Cinta Tanpa Syarat   |c DR. HAJAH SA'ADIAH SHUIB ; PROF. MADYA DR. KAMARIAH BINTI KAMARUDIN 
264 1 |a Rawang, Selangor :   |b Dr. Hajah Saadiah Shuib RESOURCES   |c 2023 
300 |a 244 pages :   |b illustrations, photographs ;   |c 21 cm. 
336 |a text  |2 rdacontent 
337 |a unmediated  |2 rdamedia 
338 |a volume  |2 rdacarrier 
650 1 0 |a Love   |v Anecdotes 
650 2 0 |a Anecdotes 
650 2 0 |a Conduct of life   |v Anecdotes 
700 0 |a Prof. Madya Dr. Kamariah Binti Kamarudin ,   |e editor 
999 |a 0000805406   |b Buku   |c Rak Terbuka   |e Perbadanan Perpustakaan Awam Melaka 
999 |a 0000805407   |b Buku   |c Rak Terbuka   |e Perbadanan Perpustakaan Awam Melaka 
999 |a 0000805408   |b Buku   |c Rak Terbuka   |e Perbadanan Perpustakaan Awam Melaka 
999 |a 0000805409   |b Buku   |c Rak Terbuka   |e Perpustakaan Cawangan Jasin 
999 |a 0000805410   |b Buku   |c Rak Terbuka   |e Perpustakaan Cawangan Masjid Tanah 
999 |a 0000805411   |b Buku   |c Rak Terbuka   |e Perpustakaan Cawangan Merlimau 
999 |a 0000805412   |b Buku   |c Rak Terbuka   |e Perpustakaan Komuniti UTC Melaka 
999 |a 0000805413   |b Buku   |c Rak Terbuka   |e Perbadanan Perpustakaan Awam Melaka 
999 |a 0000805414   |b Buku   |c Rak Terbuka   |e Perbadanan Perpustakaan Awam Melaka 
999 |a 0000805415   |b Buku   |c Rak Terbuka   |e Perbadanan Perpustakaan Awam Melaka 
999 |a 0000805416   |b Buku   |c Rak Terbuka   |e Perbadanan Perpustakaan Awam Melaka